[Event "Zweibruecken PSB-ch HT4 82nd"]
[Site "Zweibruecken"]
[Date "2013.03.30"]
[Round "7"]
[White "Hoeh, Jonas"]
[Black "Meissner, Erhard"]
[Result "1/2-1/2"]
[WhiteElo "1501"]
[BlackElo "1139"]
[PlyCount "64"]
[EventDate "2013.??.??"]
[EventType "swiss"]
[EventRounds "7"]
[EventCountry "GER"]
[SourceTitle "EXT 2014"]
[Source "ChessBase"]
[SourceDate "2013.11.20"]
[SourceVersion "1"]
[SourceVersionDate "2013.11.20"]
[SourceQuality "1"]

1. e4 d6 2. d4 Nf6 3. Nc3 g6 4. Bf4 Bg7 5. Bc4 0-0 6. Qd2 c6 7. Nge2 b5 8. Bd3 Na6 9. a3 Re8 10. b4 e5 11. dxe5 dxe5 12. Be3 Ng4 13. Rd1 Nxe3 14. Qxe3 Qb6 15. Qf3 Rf8 16. Ng3 Be6 17. 0-0 Rac8 18. Rb1 Bc4 19. Rfd1 c5 20. Bxc4 bxc4 21. Nd5 Qe6 22. c3 cxb4 23. axb4 Nc7 24. Ra1 a6 25. Qe2 Nb5 26. Qe3 f5 27. exf5 gxf5 28. Qe1 f4 29. Ne4 f3 30. Ng5 Qg4 31. Nxf3 Kh8 32. Nxe5 Qg5 1/2-1/2